Prace naukowe Instytutu Organizacji i Zarządzania Politechniki Wrocławskiej. (Record no. 1674)

MARC details
000 -LEADER
fixed length control field 01608cas a2200433 a 4500
001 - CONTROL NUMBER
control field data
005 - DATE AND TIME OF LATEST TRANSACTION
control field 20260322212112.0
008 - FIXED-LENGTH DATA ELEMENTS--GENERAL INFORMATION
fixed length control field data
035 ## - SYSTEM CONTROL NUMBER
System control number 11387782
010 ## - LIBRARY OF CONGRESS CONTROL NUMBER
LC control number 91645119
035 ## - SYSTEM CONTROL NUMBER
System control number (OCoLC)23606919
040 ## - CATALOGING SOURCE
Original cataloging agency DLC
Language of cataloging eng
Transcribing agency DLC
Modifying agency OCLCQ
-- OCLCO
-- OCLCF
-- OCLCQ
041 0# - LANGUAGE CODE
Language code of text/sound track or separate title pol
Language code of summary or abstract rus
-- ger
-- rus
042 ## - AUTHENTICATION CODE
Authentication code pcc
050 00 - LIBRARY OF CONGRESS CALL NUMBER
Classification number HD28
Item number .P7 subser.
Classification number HD28
245 00 - TITLE STATEMENT
Title Prace naukowe Instytutu Organizacji i Zarządzania Politechniki Wrocławskiej.
Name of part/section of a work Seria Studia i materiały.
246 30 - VARYING FORM OF TITLE
Title proper/short title Seria Studia i materiały
260 ## - PUBLICATION, DISTRIBUTION, ETC.
Place of publication, distribution, etc. Wrocław :
Name of publisher, distributor, etc. Wydawn. Politechniki Wrocławskiej
300 ## - PHYSICAL DESCRIPTION
Extent volumes :
Other physical details illustrations ;
Dimensions 24 cm
310 ## - CURRENT PUBLICATION FREQUENCY
Current publication frequency Irregular
336 ## - CONTENT TYPE
Content type term text
Content type code txt
Source rdacontent
337 ## - MEDIA TYPE
Media type term unmediated
Media type code n
Source rdamedia
338 ## - CARRIER TYPE
Carrier type term volume
Carrier type code nc
Source rdacarrier
546 ## - LANGUAGE NOTE
Language note Summaries and table of contents in English, German, and Russian.
588 ## - SOURCE OF DESCRIPTION NOTE
Source of description note Description based on: 4, published in 1972.
588 ## - SOURCE OF DESCRIPTION NOTE
Source of description note Latest issue consulted: 11, published in 1979.
590 ## - LOCAL NOTE (RLIN)
Local note SERBIB/SERLOC merged record
650 #0 - SUBJECT ADDED ENTRY--TOPICAL TERM
Topical term or geographic name entry element Industrial management.
650 #0 - SUBJECT ADDED ENTRY--TOPICAL TERM
Topical term or geographic name entry element Management.
650 #7 - SUBJECT ADDED ENTRY--TOPICAL TERM
Topical term or geographic name entry element Industrial management.
Source of heading or term fast
Authority record control number or standard number (OCoLC)fst00971246
650 #7 - SUBJECT ADDED ENTRY--TOPICAL TERM
Topical term or geographic name entry element Management.
Source of heading or term fast
Authority record control number or standard number (OCoLC)fst01007141
710 2# - ADDED ENTRY--CORPORATE NAME
Corporate name or jurisdiction name as entry element Politechnika Wrocławska.
Subordinate unit Instytut Organizacji i Zarządzania.
890 ## -
-- Prace naukowe Instytutu Organizacji i Zarządzania Politechniki Wrocławskiej. Seria Studia i materiały.
-- 91-645119
906 ## - LOCAL DATA ELEMENT F, LDF (RLIN)
a 7
b cbc
c serials
d 2
e ncip
f 19
g n-oclcserc
920 ## -
-- Keep 1
991 ## -
-- c-GenColl
-- T58.6
-- .P7 subser.
-- SERIALS
992 ## -
-- EurRR
-- SERLOC
Holdings
Withdrawn status Lost status Damaged status Not for loan Home library Current library Shelving location Date acquired Total checkouts Full call number Barcode Date last seen Price effective from Koha item type
        Springfield Springfield General stacks 22/03/2026   T58.6 LOC-SPL-00017 22/03/2026 22/03/2026 Books